Statistics for Cornelia Street - Taylor Swift (All Lyrics)

Click here to take the quiz!

General Stats

  • This quiz has been taken 27 times
    (14 since last reset)
  • The average score is 346 of 386

Answer Stats

Lyrics% Correct
a
100%
again
100%
Cornelia
100%
I
100%
"I
100%
in
100%
it
100%
my
100%
never
100%
on
100%
so
100%
Street"
100%
Street
100%
street
100%
the
100%
then
100%
this
100%
we
100%
We
100%
were
100%
You
100%
you
100%
you,
100%
your
100%
an
92%
And
92%
and
92%
baby,
92%
Back
92%
back
92%
backseat
92%
bar
92%
But
92%
city
92%
(City
92%
drinks
92%
Drunk
92%
ends)
92%
ends
92%
get
92%
(Hope
92%
hope
92%
I'd
92%
if
92%
I'm
92%
lose
92%
me
92%
mystified
92%
name)
92%
name
92%
say
92%
screams
92%
something
92%
stronger
92%
than
92%
that
92%
That
92%
to
92%
walk
92%
Walk
92%
when
92%
ago,
83%
away
83%
by
83%
car
83%
casually
83%
could
83%
even
83%
ever
83%
go
83%
how
83%
leading
83%
Leading
83%
of
83%
place
83%
rent
83%
terrified
83%
That's
83%
thought
83%
was
83%
Years
83%
apartment
75%
at
75%
Barefoot
75%
became
75%
Before
75%
before
75%
beginnings
75%
don't
75%
floor
75%
games
75%
gone
75%
hand
75%
heartbreak
75%
hit
75%
inside
75%
just
75%
kinda
75%
kitchen
75%
knew
75%
left
75%
listen
75%
Memorize
75%
mend
75%
new
75%
packed
75%
playing
75%
religion,
75%
time
75%
wanna
75%
around
67%
arrow
67%
as
67%
As
67%
bags,
67%
blanks
67%
called,
67%
creaks
67%
desk
67%
Filling
67%
fresh
67%
head
67%
home
67%
is
67%
lights
67%
page
67%
Sacred
67%
showed
67%
turned
67%
us
67%
yours
67%
air
58%
autumn
58%
card
58%
hold
58%
Jacket
58%
Oh,
58%
open,
58%
pointed
58%
rains
58%
roof,
58%
'round
58%
shoulders
58%
tunnel
58%
Windows
58%
bless
50%
right
50%
Sat
50%
sharks,
50%
(Yeah)
33%
flung
25%

Score Distribution

Percentile by Number Answered

Percent of People with Each Score

Your Score History

You have not taken this quiz since the last reset